000 00675nam a22002057a 4500
999 _c371087
_d371087
008 201222b ||||| |||| 00| 0 eng d
040 _aDE-2950
_bger
_cDE-2950
_erda
041 _ager
245 _a1700 Jahre jüdisches Leben:
_bKonferenz und Veranstaltungsreihe zum 9. November/
_cPM/MM
264 _c2021
653 _aFrankfurt (Oder)
653 _aJüdisches Leben
653 _aKonferenz
653 _aVeranstaltung
773 _tMärkischer Markt
_dFrankfurt (Oder): Märkisches Verlags- und Druckhaus GmbH & Co. KG
_g30. Jahrgang (2021) Nr. 44 vom 03./04.11.2021, S. 5
942 _cA